000 00870nam a2200241 i 4500
001 165569
003 ES-MaACL
005 20250725093043.0
008 000120s1884 fr b |||| | fre d
080 _a325.35(460:648)
080 _a908.671.9 Fernando Poo"18"
100 1 _aSorela, Luis.
_9132827
245 1 4 _aLes possessions espagnoles du golfe de Guinée
_b: leur prèsent et leur avenir /
_cpar le Lieutenant Sorela.
260 _aParis :
_bA. Lahure,
_c1884.
300 _a46 p., [1] h. pleg. de mapa ;
_c24 cm.
597 _aPort. a dos tintas.
599 _aMapa es litogr.
651 7 _aEspaña-
_xColonias-
_zÁfrica-
_yS.XIX
_2
_9159564
651 4 _aFernando Poo-
_xDescripción.
_98652
752 _aFrancia -
_dParís
852 _aES-MaACL
_jFol-Laf-460
_z- Legado Modesto La Fuente
_z- Duplicado en CCPB000666827-5
999 _c165569
_d165569